Statistiques concernant Pokémon - Les meilleurs murs physiques

Cliquez ici pour prendre le quiz!

Statistiques générales

  • Ce quiz a été pris 70 fois
    (47 depuis la dernière actualisation)
  • Le résultat moyen est 31 sur 78

Statistiques - réponses

PVDéfensePokémonDégats reçus (%)% Correct
75230Méga-Steelix11,6 - 14
73%
20230Caratroc18,7 - 22,6
70%
100140Groudon15,8 - 18,7
70%
120120Arceus16,2 - 19,1
67%
75200Steelix13,4 - 16,1
67%
50160Deoxys (Défense)19,9 - 23,6
64%
70230Méga-Galeking12 - 14,5
64%
80150Registeel16,9 - 20,2
64%
92115Zamazenta19,6 - 23,3
64%
92145Zamazenta (Bouclier Suprême)16 - 19
64%
108121Zygarde17,3 - 20,4
64%
216121Zygarde (100%)10,8 - 12,7
64%
100120Dialga18,1 - 21,4
61%
70180Galeking15,6 - 18,5
61%
80200Regirock12,9 - 15,6
61%
150120Giratina14 - 16,5
58%
150100Giratina (Origine)16,5 - 19,5
58%
106130Lugia16,1 - 19,2
58%
100120Zekrom18,1 - 21,4
58%
13789Lunala19 - 22,6
55%
137107Solgaleo16,3 - 19,5
55%
100110Tyranocif19,6 - 23,1
55%
12695Xerneas19 - 22,6
55%
92115Zacian19,6 - 23,3
55%
92115Zacian (Épée Suprême)19,6 - 23,3
55%
74131Noacier19,7 - 23,5
52%
100160Primo-Groudon14 - 16,7
52%
110110Regigigas18,5 - 21,8
52%
12695Yveltal19 - 22,6
52%
80130Grolem18,9 - 22,5
48%
80130Grolem d'Alola18,9 - 22,5
48%
125100Kyurem (Noir)18,6 - 21,9
48%
80150Méga-Métalosse16,9 - 20,2
45%
115130Rhinastoc15,3 - 18,3
45%
120120Cresselia16,2 - 19,1
42%
100110Méga-Laggron19,6 - 23,1
42%
100150Méga-Tyranocif14,9 - 17,8
42%
80130Métalosse18,9 - 22,5
42%
150100Monaflèmit16,5 - 19,5
42%
60145Tarinorme19,9 - 23,7
42%
95130Méga-Drattak17,2 - 20,5
39%
97127Necrozma (Crinière du Couchant)17,6 - 20,8
39%
105120Rhinoféros17,6 - 20,7
39%
65140Airmure19,9 - 23,6
36%
61211Ama-ama14,4 - 17,1
36%
60168Bastiodon17,6 - 21
36%
14095Éthernatos17,8 - 21,1
36%
70140Méga-Cizayox19,2 - 22,7
36%
91129Cobaltium17,9 - 21,3
33%
108118Hippodocus17,3 - 20,7
33%
103126Méga-Nanméouïe17 - 20,1
33%
135143Melmetal12,8 - 15,3
33%
100125Bouldeneu17,5 - 20,8
30%
108115Méga-Carchacrok17,9 - 21,2
30%
95180Méga-Flagadoss13,2 - 15,7
30%
50180Crustabri18,2 - 21,5
27%
100115Suicune18,7 - 22,2
27%
100135Dolman16,4 - 19,3
24%
95184Séracrawl12,9 - 15,4
24%
100130Blizzeval16,7 - 19,9
21%
75130Créhelf19,5 - 23,3
21%
85130Gigalithe18,3 - 21,8
21%
107139Mouscoto15,4 - 18,3
21%
75140Foretress18,5 - 21,9
18%
16580Mamanbo18,4 - 21,8
18%
105105Zarude19,6 - 23,3
18%
88122Blindépique19,2 - 22,7
15%
70140Chartor19,2 - 22,7
15%
100150Sylveroy (Cavalier du Froid)14,9 - 17,8
15%
90120Donphan19,3 - 22,7
12%
74133Mégapagos19,3 - 23,1
12%
75140Sarmuraï18,5 - 21,9
12%
110105Vaututrice19,1 - 22,7
12%
110120Monthracite17,1 - 20,2
9%
85122Banshitrouye (Taille Ultra)19,6 - 23,1
6%
59150Dimoclès19,6 - 23,5
6%
100130Relicanth16,7 - 19,9
3%
12095Rongrigou19,6 - 23,3
3%

Distribution des résultats

Percentile par nombre de réponses

% des personnes avec chaque résultat

Votre développement - résultats

Vous n’avez pas pris ce quiz depuis la dernière actualisation